000 00488nam a2200181Ia 4500
003 OSt
005 20260102154603.0
008 210210b1948 xxu||||| |||| 00| 0 eng d
040 _cAL
041 _aKannada
082 _a859/1814
100 _aVENKATESHAYYA (B V)
_9156558
_dವೆಂಕಟೇಶಯ್ಯ (ಬಿ ವಿ)
245 _aPushpalata:
_bಪುಷ್ಪಲತ
260 _aBengaluru
_b-
_c1948
690 _aKannada Fiction
_9156559
906 _a022534
942 _2ddc
_cBK
999 _c146946
_d146946